<?xml version="1.0" encoding="UTF-8"?><?xml-stylesheet type="text/xsl" href="static/style.xsl"?><OAI-PMH xmlns="http://www.openarchives.org/OAI/2.0/" xmlns:xsi="http://www.w3.org/2001/XMLSchema-instance" xsi:schemaLocation="http://www.openarchives.org/OAI/2.0/ http://www.openarchives.org/OAI/2.0/OAI-PMH.xsd"><responseDate>2026-04-27T13:01:02Z</responseDate><request verb="GetRecord" identifier="oai:uvadoc.uva.es:10324/64018" metadataPrefix="marc">https://uvadoc.uva.es/oai/request</request><GetRecord><record><header><identifier>oai:uvadoc.uva.es:10324/64018</identifier><datestamp>2025-03-26T19:45:07Z</datestamp><setSpec>com_10324_23835</setSpec><setSpec>com_10324_5186</setSpec><setSpec>com_10324_29291</setSpec><setSpec>col_10324_64005</setSpec></header><metadata><record xmlns="http://www.loc.gov/MARC21/slim" xmlns:doc="http://www.lyncode.com/xoai" xmlns:xsi="http://www.w3.org/2001/XMLSchema-instance" xmlns:dcterms="http://purl.org/dc/terms/" xsi:schemaLocation="http://www.loc.gov/MARC21/slim http://www.loc.gov/standards/marcxml/schema/MARC21slim.xsd">
<leader>00925njm 22002777a 4500</leader>
<datafield tag="042" ind1=" " ind2=" ">
<subfield code="a">dc</subfield>
</datafield>
<datafield tag="720" ind1=" " ind2=" ">
<subfield code="a">Alonso Arroyo, Verónica</subfield>
<subfield code="e">author</subfield>
</datafield>
<datafield tag="720" ind1=" " ind2=" ">
<subfield code="a">Barnes Marañón, Sarah</subfield>
<subfield code="e">author</subfield>
</datafield>
<datafield tag="720" ind1=" " ind2=" ">
<subfield code="a">Forero Torres, Alexander</subfield>
<subfield code="e">author</subfield>
</datafield>
<datafield tag="720" ind1=" " ind2=" ">
<subfield code="a">Granell Suarez, Cristina</subfield>
<subfield code="e">author</subfield>
</datafield>
<datafield tag="720" ind1=" " ind2=" ">
<subfield code="a">Jiménez Crespo, Victoria</subfield>
<subfield code="e">author</subfield>
</datafield>
<datafield tag="260" ind1=" " ind2=" ">
<subfield code="c">2020</subfield>
</datafield>
<datafield tag="520" ind1=" " ind2=" ">
<subfield code="a">Las cicatrices queloides representan el mayor grado de inestetismo del espectro de la hipertrofia de la cicatriz y constituyen un verdadero desafío clínico.  Se han descrito numerosas estrategias terapéuticas dirigidas a este tipo de cicatrices, como cirugía, láser, radiofrecuencia e infiltración, entre otras.  No obstante, el enfoque terapéutico ideal no ha sido alcanzado hasta el momento.


Recientemente, se ha publicado el empleo de la Toxina Botulínica tipo A (BoNT-A) como parte del tratamiento de las cicatrices queloides con resultados controvertidos. Se presenta una revisión de la evidencia científica de los estudios que comparaban el empleo de la BoNT-A con el uso de corticoides intralesionales, así como el mecanismo de acción y los efectos secundarios de la misma.


Los resultados de las revisiones sistemáticas para la prevención y/o tratamiento de la cicatrización hipertrófica o queloidea con BoNT-A, no muestran una evidencia científica consistente.  Además, es complicado obtener datos concluyentes debido al pequeño tamaño de las cohortes, la dificultad para extrapolar los resultados de la experimentación animal a la población general y a la heterogeneidad existente en los diferentes estudios.


La evidencia científica considera que es posible realizar un uso "off- label” de la BoNT-A puesto que es eficaz y segura como tratamiento para prevenir o mejorar las cicatrices inestéticas. Por otro lado, a pesar de que los corticoides podrían ser superiores a la BoNT-A en algunos aspectos, parece que los efectos secundarios asociados a su uso podrían evitarse con el uso de la toxina botulínica.</subfield>
</datafield>
<datafield tag="024" ind2=" " ind1="8">
<subfield code="a">ANALES DE LA REAL ACADEMIA DE MEDICINA Y CIRUGÍA DE VALLADOLID; Núm. 56 (2020) pags. 415-441</subfield>
</datafield>
<datafield tag="024" ind2=" " ind1="8">
<subfield code="a">2530-6421</subfield>
</datafield>
<datafield tag="024" ind2=" " ind1="8">
<subfield code="a">https://uvadoc.uva.es/handle/10324/64018</subfield>
</datafield>
<datafield tag="024" ind2=" " ind1="8">
<subfield code="a">10.24197/aramcv.56.2020.415-441</subfield>
</datafield>
<datafield tag="024" ind2=" " ind1="8">
<subfield code="a">415</subfield>
</datafield>
<datafield tag="024" ind2=" " ind1="8">
<subfield code="a">56</subfield>
</datafield>
<datafield tag="024" ind2=" " ind1="8">
<subfield code="a">441</subfield>
</datafield>
<datafield tag="245" ind1="0" ind2="0">
<subfield code="a">Tratamiento de cicatrices con toxina botulínica: grado de evidencia científica</subfield>
</datafield>
</record></metadata></record></GetRecord></OAI-PMH>